Movies Quiz

Random Movies or Blitz Quiz
Score 0/16 Timer 01:00
2 Plays Today
% Correct
Dory
90.6%
Nemo
89.8%
Marlin
79.3%
Bruce
77.8%
Bloat
74.7%
Squirt
73.5%
Crush
72%
Peach
70.2%
% Correct
Jacques
69.8%
Gill
69.5%
Nigel
62.7%
Destiny
58.5%
Bubbles
55.3%
Hank
54.8%
Bailey
52.4%
Deb
52.1%
Remove Ads.
Support Sporcle.
Get the best of Sporcle when you Go Orange. This ad-free experience offers more features, more stats, and more fun while also helping to support Sporcle. Thank you for becoming a member.

You're not logged in!

Compare scores with friends on all Sporcle quizzes.
OR
Log In

Show Comments

Extras

Top Quizzes Today


Score Distribution

Your Account Isn't Verified!

In order to create a playlist on Sporcle, you need to verify the email address you used during registration. Go to your Sporcle Settings to finish the process.

Report this User

Report this user for behavior that violates our Community Guidelines.

Details: